000 01336nam a2200229Ia 4500
999 _c38805
_d38805
001 5168
003 GE_BSU
005 20190628183130.0
008 181216s1977||||ge |||||||||||||| ||geo||
041 _ageo
080 _a621.86/87(075.8) ა-62
245 _aამწე-სატრანსპორტო მანქანები II ნაწილი: (ტვირთამწევი მანქანების ლითონკონსტრუქციები)
_bსახელმძღვ. /
_cვ. გოთოშია ; შ. სარიშვილი ; შ. სულხანიშვილი და სხვ.. რედ : პ.ლაბარტყავა.
264 _aთბილისი :
_bგანათლება,
_c1977.
300 _a242 გვ .:
_bილ ;
_c 27 სმ.
504 _aბიბლიოგრ.; გვ.241
653 _aამწე-სატრანსპორტო მანქანები
653 _aტვირთამწევი მანქანების ლითონკონსტრუქციები
700 _aსარიშვილი,შ.
_93091
700 _aსულხანიშვილი,შ.
_93092
700 _aლაბარტყავა, პ
_eრედაქტორი
_9523
942 _cBK
_2udc